King v Jackson (Record no. 52575)

MARC details
000 -LEADER
fixed length control field 01260cab a2200217 4500
001 - CONTROL NUMBER
control field ABS58192
008 - FIXED-LENGTH DATA ELEMENTS--GENERAL INFORMATION
fixed length control field 090401t1998 xxu||||| |||| 00| 0 eng d
035 ## - SYSTEM CONTROL NUMBER
System control number (Sirsi) u83257
041 ## - LANGUAGE CODE
Language code of text/sound track or separate title eng
245 ## - TITLE STATEMENT
Title King v Jackson
260 ## - PUBLICATION, DISTRIBUTION, ETC.
Date of publication, distribution, etc. 1998
350 ## - PRICE (NR) (BK AM CF MU VM SE) [OBSOLETE]
Price 0
490 ## - SERIES STATEMENT
Series statement Estates Gazette
Volume/sequential designation (9803) 17 January 1998, 138-142(5)
520 ## - SUMMARY, ETC.
Summary, etc. CA 16 July 1997. The appellant landlord (J) let a flat to the respondent tenant (K) for a term of six months. On finding herself unable to pay the rent K orally gave J four weeks` notice to quit. J then advertised the flat and showed an prospective tenant arround with K`s consent. J wrote to K stating that as she had not paid the last two weeks` rent K should leave the flat that day. Following a visit to the flat by J, K left and J took possession on 5 May 1994. The court ordered J to pay damages for unlawful eviction under the Housing Act 1988 ss27 & 28. J appealed that as K had agreed to leave the flat by 12 May the damages should be £1,500 rather than the £11,000 ordered by the court. Appeal allowed.
650 ## - SUBJECT ADDED ENTRY--TOPICAL TERM
Topical term or geographic name entry element DAMAGES
650 ## - SUBJECT ADDED ENTRY--TOPICAL TERM
Topical term or geographic name entry element HOUSING ACT 1988
650 ## - SUBJECT ADDED ENTRY--TOPICAL TERM
Topical term or geographic name entry element UNLAWFUL EVICTION
690 ## - LOCAL SUBJECT ADDED ENTRY--TOPICAL TERM (OCLC, RLIN)
Topical term or geographic name as entry element LANDLORD AND TENANT-CASE LAW-RESIDENTIAL TENANCIES
942 ## - ADDED ENTRY ELEMENTS (KOHA)
Suppress in OPAC 0
948 ## - LOCAL PROCESSING INFORMATION (OCLC); SERIES PART DESIGNATOR (RLIN)
c (OCLC) 22/01/1998
Holdings
Withdrawn status Lost status Source of classification or shelving scheme Damaged status Not for loan Home library Current library Shelving location Date acquired Total Checkouts Full call number Barcode Date last seen Copy number Price effective from Koha item type
    Dewey Decimal Classification     London London Journal article 14/09/1999   ABS58192 83257-1001 06/08/2019 1 06/08/2019 Law report